Marketing Management/ (Record no. 32)
[ view plain ]
| 000 -LEADER | |
|---|---|
| fixed length control field | 00610nam a22002177a 4500 |
| 003 - CONTROL NUMBER IDENTIFIER | |
| control field | BUBTL |
| 008 - FIXED-LENGTH DATA ELEMENTS--GENERAL INFORMATION | |
| fixed length control field | 140129b xxu||||| |||| 00| 0 eng d |
| 020 ## - INTERNATIONAL STANDARD BOOK NUMBER | |
| International Standard Book Number | 81-203-1609-6 |
| 082 ## - DEWEY DECIMAL CLASSIFICATION NUMBER | |
| Classification number | 658.8 |
| Item number | KOM |
| 100 ## - MAIN ENTRY--PERSONAL NAME | |
| 9 (RLIN) | 52 |
| Personal name | Kotler, Philip |
| 245 ## - TITLE STATEMENT | |
| Title | Marketing Management/ |
| Statement of responsibility, etc. | by Philip Kotler. |
| 250 ## - EDITION STATEMENT | |
| Edition statement | 10th ed. |
| 260 ## - PUBLICATION, DISTRIBUTION, ETC. (IMPRINT) | |
| Place of publication, distribution, etc. | New Delhi: |
| Name of publisher, distributor, etc. | Prentice hall, |
| Date of publication, distribution, etc. | c2000. |
| 300 ## - PHYSICAL DESCRIPTION | |
| Extent | xxxi, 718p.: |
| Other physical details | ills., chats., pics., |
| Dimensions | 27 cm. |
| 500 ## - GENERAL NOTE | |
| General note | Includes Index . |
| 650 #0 - SUBJECT ADDED ENTRY--TOPICAL TERM | |
| 9 (RLIN) | 53 |
| Topical term or geographic name as entry element | Marketing |
| 650 #0 - SUBJECT ADDED ENTRY--TOPICAL TERM | |
| 9 (RLIN) | 169 |
| Topical term or geographic name as entry element | Marketing Management |
| 856 ## - ELECTRONIC LOCATION AND ACCESS | |
| Password | 0 |
| Logon | 0 |
| Link text | Download |
| 942 ## - ADDED ENTRY ELEMENTS (KOHA) | |
| Source of classification or shelving scheme | |
| Koha item type | Books |
| Withdrawn status | Lost status | Source of classification or shelving scheme | Damaged status | Not for loan | Permanent location | Current location | Date acquired | Inventory number | Total Checkouts | Date last seen | Copy number | Price effective from | Collection code | Shelving location | Full call number | Barcode | Koha item type | Date last checked out | Total Renewals |
|---|---|---|---|---|---|---|---|---|---|---|---|---|---|---|---|---|---|---|---|
| Bangladesh University of Business and Technology Library | Bangladesh University of Business and Technology Library | 01/29/2014 | 32 | 01/29/2014 | 1 | 01/29/2014 | |||||||||||||
| Bangladesh University of Business and Technology Library | Bangladesh University of Business and Technology Library | 01/29/2014 | 90 | 01/29/2014 | C-2 | 01/29/2014 | Non-fiction | Marketing Stacks | 658.8 KOM | BUBTL-200390 | Books | ||||||||
| Bangladesh University of Business and Technology Library | Bangladesh University of Business and Technology Library | 01/29/2014 | 91 | 01/29/2014 | 3 | 01/29/2014 | |||||||||||||
| Bangladesh University of Business and Technology Library | Bangladesh University of Business and Technology Library | 01/29/2014 | 92 | 1 | 07/30/2023 | C-4 | 01/29/2014 | Non-fiction | Marketing Stacks | 658.8 KOM | BUBTL-200392 | Books | 07/26/2023 | ||||||
| Bangladesh University of Business and Technology Library | Bangladesh University of Business and Technology Library | 02/01/2014 | 344 | 02/01/2014 | C-5 | 02/01/2014 | Non-fiction | Marketing Stacks | 658.8 KOM | BUBTL-2003344 | Books | ||||||||
| Bangladesh University of Business and Technology Library | Bangladesh University of Business and Technology Library | 02/01/2014 | 345 | 4 | 04/09/2023 | C-6 | 02/01/2014 | Non-fiction | Marketing Stacks | 658.8 KOM | BUBTL-2003345 | Books | 03/18/2023 | ||||||
| Bangladesh University of Business and Technology Library | Bangladesh University of Business and Technology Library | 02/01/2014 | 346 | 02/01/2014 | 7 | 02/01/2014 | |||||||||||||
| Bangladesh University of Business and Technology Library | Bangladesh University of Business and Technology Library | 02/01/2014 | 347 | 02/01/2014 | 8 | 02/01/2014 | |||||||||||||
| Bangladesh University of Business and Technology Library | Bangladesh University of Business and Technology Library | 02/01/2014 | 348 | 1 | 05/22/2022 | C-9 | 02/01/2014 | Non-fiction | Marketing Stacks | 658.8 KOM | BUBTL-2003348 | Books | 04/18/2022 | 1 | |||||
| Bangladesh University of Business and Technology Library | Bangladesh University of Business and Technology Library | 02/01/2014 | 349 | 02/01/2014 | C-10 | 02/01/2014 | Non-fiction | Marketing Stacks | 658.8 KOM | BUBTL-2003349 | Books |
